000 00622nam a2200133Ia 4500
008 100328s9999 xx 000 0 und d
082 _b59249
100 _aसबनीस वसंत.
245 _aचिलखतराज जगन्नाथ (संमिश्र विनोदी एकांकिका).
260 _bआभा.
630 _aचिलखतराज जगन्नाथ (संमिश्र विनोदी एकांकिका).
730 _aचिलखतराज जगन्नाथ (संमिश्र विनोदी एकांकिका).
942 _cBOOK
999 _c545497
_d545494